Normal view
MARC view
Entry Topical Term
001 - CONTROL NUMBER
- control field: 12845
003 - CONTROL NUMBER IDENTIFIER
- control field: ARRUPE
005 - DATE AND TIME OF LATEST TRANSACTION
- control field: 20141126123050.0
008 - FIXED-LENGTH DATA ELEMENTS
- fixed length control field: 141126|| aca||aabn | a|a d
040 ## - CATALOGING SOURCE
- Original cataloging agency: ARRUPE
- Transcribing agency: ARRUPE
150 ## - HEADING--TOPICAL TERM
- Topical term or geographic name as entry element: Speeches, Australian
- Chronological subdivision: 21st century
670 ## - SOURCE DATA FOUND
- Source citation: Work cat.: (ARRUPE): The best australian essays 2004 / , 2004